| Tag |
First Indicator |
Second Indicator |
Subfields |
| LEADER |
00000cem a2200000Ia 4500 |
| 001 |
in00001810821 |
| 005 |
20151025193549.0 |
| 007 |
aj canzn |
| 008 |
030612s2002 vauag cc a f 1 eng d |
| 020 |
|
|
|a 0607889012
|
| 034 |
1 |
|
|a a
|b 100000
|d W1080000
|e W1070000
|f N0350000
|g N0343000
|
| 035 |
|
|
|a (OCoLC)ocm52421380
|
| 037 |
|
|
|a 9-780607-889017
|b USGS
|
| 040 |
|
|
|a GPO
|c GPO
|d TXA
|d UtOrBLW
|
| 049 |
|
|
|a TXAM
|
| 052 |
|
|
|a 4321
|
| 074 |
|
|
|a 0619-G-16
|
| 086 |
0 |
|
|a I 53.11/4-2:34107-E 1-TM-100/2002
|
| 090 |
|
|
|a G3701.G5 s100
|b .U5 Acoma Pueblo NM (SM)
|
| 110 |
1 |
|
|a United States.
|b Bureau of Land Management.
|
| 245 |
1 |
0 |
|a New Mexico :
|b Acoma Pueblo : 1:100,000-scale topographic map : 30 x 60 minute series (topographic) /
|c edited and published by the Bureau of Land Management National Science and Technology Center in cooperation with the Bureau ... New Mexico State Office.
|
| 246 |
1 |
|
|i Filing title:
|a Acoma Pueblo, New Mexico
|
| 250 |
|
|
|a BLM ed., 2002.
|
| 255 |
|
|
|a Scale 1:100,000. 1 cm. on the map represents 1 km. on the ground ;
|b Lambert conformal conic proj.
|c (W 108⁰00ʹ--W 107⁰00ʹ/N 35⁰00ʹ--W 34⁰30ʹ).
|
| 264 |
|
1 |
|a [Reston, Va.] :
|b U.S. Dept. of the Interior, Bureau of Land Management ;
|a Denver, CO :
|b U.S. Geological Survey,
|c 2002.
|
| 264 |
|
2 |
|a Santa Fe, NM :
|b For sale by Bureau of Land Management New Mexico State Office ;
|
| 300 |
|
|
|a 1 map :
|b color ;
|c 56 x 92 cm.
|
| 336 |
|
|
|a cartographic image
|b cri
|2 rdacontent
|
| 337 |
|
|
|a unmediated
|b n
|2 rdamedia
|
| 338 |
|
|
|a sheet
|b nb
|2 rdacarrier
|
| 490 |
1 |
|
|a Surface management status, mineral management status
|
| 500 |
|
|
|a Relief shown by contours and spot heights.
|
| 500 |
|
|
|a Shows minerals owned by the Federal Government, and township and range lines.
|
| 500 |
|
|
|a Base USGS map dated 1978.
|
| 500 |
|
|
|a Includes quadrangle location map and indexes to adjoining maps and to 1:24,000-scale maps.
|
| 500 |
|
|
|a Designed to be folded to 23 x 11 cm.
|
| 500 |
|
|
|a Cartographic material.
|
| 650 |
|
0 |
|a Mines and mineral resources
|z New Mexico
|v Maps.
|
| 650 |
|
0 |
|a Land use
|z New Mexico
|v Maps.
|
| 651 |
|
0 |
|a New Mexico
|v Maps.
|
| 710 |
2 |
|
|a National Science and Technology Center (U.S.)
|
| 710 |
1 |
|
|a United States.
|b Bureau of Land Management.
|b New Mexico State Office.
|
| 810 |
1 |
|
|a United States.
|b Bureau of Land Management.
|t Surface-minerals management status.
|
| 948 |
|
|
|a cataloged
|b h
|c 2004/1/8
|d c
|e jgreene
|f 4:44:30 pm
|
| 994 |
|
|
|a E0
|b TXA
|
| 999 |
|
|
|a MARS
|
| 999 |
f |
f |
|s 106b7d85-8992-3a7a-86fe-11637bb03e30
|i 8fd137ed-3e64-3b42-8d1f-3bfc7c198767
|t 0
|
| 952 |
f |
f |
|p normal
|a Texas A&M University
|b College Station
|c Sterling C. Evans Library
|d Evans: Maps (2nd floor)
|t 0
|e G3701.G5 s100 .U5 Acoma Pueblo NM (SM)
|h Library of Congress classification
|i unmediated -- sheet
|m A14830923560
|
| 952 |
f |
f |
|p normal
|a Texas A&M University
|b College Station
|c Sterling C. Evans Library
|d Evans: Maps (2nd floor)
|t 0
|e G3701.G5 s100 .U5 Acoma Pueblo NM (SM)
|h Library of Congress classification
|i unmediated -- sheet
|m A14830923528
|
| 998 |
f |
f |
|a G3701.G5 s100 .U5 Acoma Pueblo NM (SM)
|t 0
|l Evans: Maps (2nd floor)
|
| 998 |
f |
f |
|a G3701.G5 s100 .U5 Acoma Pueblo NM (SM)
|t 0
|l Evans: Maps (2nd floor)
|